000 00255nam a22001217a 4500
999 _c54959
_d54959
008 200121b ||||| |||| 00| 0 eng d
041 _aeng
080 _2940
_a940
100 _a16
101 _aHIS
245 _aDardania
_cHajrullahu,I
942 _2udc
_cBK